[Event "77. ljubljanska liga 2025"]
[Site "Gostovanja"]
[Date "2025.03.27"]
[Round "8.2"]
[White "Siraj, Svit"]
[Black "Veskovic, Dzemal"]
[Result "1-0"]
[WhiteElo "2144"]
[BlackElo "1876"]
[PlyCount "91"]
[EventDate "2025.01.16"]
[WhiteTeam "SD VRHNIKA"]
[BlackTeam "SD MENGES - TRZIN"]

1. e4 e6 2. d4 d6 3. Bd3 Be7 4. Nf3 Nd7 5. Nbd2 c6 6. a4 e5 7. c3 Ngf6 8. O-O
O-O 9. Re1 h6 10. Nc4 Qc7 11. Ne3 Nh7 12. d5 c5 13. a5 Ng5 14. Nd2 Nf6 15. h4
Ngh7 16. Ndc4 Bd7 17. f4 exf4 18. Nf1 Bg4 19. Qd2 Nh5 20. Nh2 Qc8 21. Qf2 g5
22. Nxg4 Qxg4 23. Be2 Qd7 24. Bxh5 Rab8 25. e5 dxe5 26. d6 Bf6 27. Qxc5 Rbc8
28. Qd5 Rxc4 29. Qxc4 Qxd6 30. b3 Qd7 31. Ba3 Rc8 32. Bxf7+ Kg7 33. Rad1 Qg4
34. Be6 Rxc4 35. Rd7+ Kh8 36. Bxg4 Rxc3 37. Bf5 Bg7 38. Rd8+ Nf8 39. Bxf8 Bxf8
40. Rxf8+ Kg7 41. Re8 gxh4 42. R1xe5 Rxb3 43. R5e6 Ra3 44. Bg6 h3 45. R8e7+ Kg8
46. Rf7 1-0

[Event "77. ljubljanska liga 2025"]
[Site "Gostovanja"]
[Date "2025.03.27"]
[Round "8.2"]
[White "Simicak, Metod"]
[Black "Siraj, Anej"]
[Result "0-1"]
[WhiteElo "1859"]
[BlackElo "2049"]
[PlyCount "76"]
[EventDate "2025.01.16"]
[WhiteTeam "SD MENGES - TRZIN"]
[BlackTeam "SD VRHNIKA"]

1. e4 e5 2. Nc3 Nc6 3. Bb5 g6 4. Bxc6 dxc6 5. h3 Bg7 6. Nf3 Ne7 7. d3 c5 8. Be3
b6 9. Qd2 h6 10. Nh2 Bb7 11. Ng4 f5 12. Bxh6 Bxh6 13. Nxh6 Qd7 14. Qg5 O-O-O
15. g4 Rdf8 16. O-O-O Qe6 17. exf5 gxf5 18. Rde1 Qxh6 19. Qxh6 Rxh6 20. Rxe5
Nc6 21. Rxf5 Rxf5 22. gxf5 Nd4 23. Rg1 Nxf5 24. Rg8+ Kd7 25. Rf8 Nd6 26. a4
Rxh3 27. Rf4 Rf3 28. Rxf3 Bxf3 29. Kd2 Ke6 30. Na2 a5 31. b3 Bc6 32. Nc3 Ke5
33. Ne2 Bf3 34. Nc3 Kf4 35. Nb1 Nf5 36. c3 Bd5 37. c4 Bc6 38. Ke1 Nd4 0-1

[Event "77. ljubljanska liga 2025"]
[Site "Gostovanja"]
[Date "2025.03.27"]
[Round "8.2"]
[White "Zlindra, Aljaz"]
[Black "Ocepek, Marjan"]
[Result "1-0"]
[WhiteElo "1904"]
[BlackElo "1731"]
[PlyCount "51"]
[EventDate "2025.01.16"]
[WhiteTeam "SD VRHNIKA"]
[BlackTeam "SD MENGES - TRZIN"]

1. e4 c6 2. d4 d5 3. f3 g6 4. Nc3 Bg7 5. e5 f6 6. f4 Nh6 7. Nf3 Bg4 8. Be2 Qd7
9. O-O O-O 10. Be3 Bxf3 11. Bxf3 f5 12. Na4 b6 13. h3 Na6 14. c4 e6 15. Rc1
Rac8 16. Nc3 Rfd8 17. Qa4 Qb7 18. cxd5 cxd5 19. Rc2 Rc4 20. Qxc4 dxc4 21. Bxb7
Nb4 22. Rd2 Rd7 23. Bf3 Nd3 24. Be2 Nb4 25. Bxc4 Kf7 26. d5 1-0

[Event "77. ljubljanska liga 2025"]
[Site "Gostovanja"]
[Date "2025.03.27"]
[Round "8.2"]
[White "Strajhar, Albin"]
[Black "Vodnik, Val"]
[Result "1-0"]
[WhiteElo "1771"]
[BlackElo "1864"]
[PlyCount "32"]
[EventDate "2025.01.16"]
[WhiteTeam "SD MENGES - TRZIN"]
[BlackTeam "SD VRHNIKA"]

1. e4 e5 2. Bc4 Nf6 3. d3 c6 4. Nf3 d5 5. exd5 cxd5 6. Bb5+ Bd7 7. Bxd7+ Nbxd7
8. O-O Bd6 9. Nc3 O-O 10. Bg5 Qb6 11. Rb1 Rfe8 12. h3 Rac8 13. Bxf6 Nxf6 14. d4
e4 15. Nh2 Rc4 16. Ne2 Bxh2+ {nejasno (37)} 1-0

[Event "77. ljubljanska liga 2025"]
[Site "Gostovanja"]
[Date "2025.03.27"]
[Round "8.3"]
[White "Plaskan, Jure"]
[Black "Ribicic, Marko"]
[Result "1-0"]
[WhiteElo "2217"]
[BlackElo "1835"]
[PlyCount "45"]
[EventDate "2025.01.16"]
[WhiteTeam "SD DOMZALE"]
[BlackTeam "ZELENCI LPP"]

1. e4 d5 2. exd5 Qxd5 3. Nc3 Qd8 4. d4 e6 5. Nf3 c6 6. Bd3 Nf6 7. O-O Be7 8.
Ne2 b6 9. c3 Bb7 10. Qc2 Nbd7 11. Bf4 c5 12. Ne5 h6 13. Rad1 Qc8 14. Nxd7 Qxd7
15. dxc5 Qc6 16. f3 bxc5 17. Kh1 O-O 18. Be5 Nd5 19. Bh7+ Kh8 20. Be4 Rad8 21.
c4 Ba6 22. cxd5 exd5 23. Bd3 1-0

[Event "77. ljubljanska liga 2025"]
[Site "Gostovanja"]
[Date "2025.03.27"]
[Round "8.3"]
[White "Novakovic, Gosto"]
[Black "Debevec, Blaz"]
[Result "0-1"]
[WhiteElo "1819"]
[BlackElo "2136"]
[PlyCount "42"]
[EventDate "2025.01.16"]
[WhiteTeam "ZELENCI LPP"]
[BlackTeam "SD DOMZALE"]

1. e4 c5 2. f4 d5 3. exd5 Nf6 4. Nc3 Nxd5 5. Bc4 Nb6 6. Be2 Nc6 7. Nf3 g6 8.
O-O Bg7 9. a4 O-O 10. a5 Nd5 11. Nxd5 Qxd5 12. Ra4 Bd7 13. Bc4 Qd6 14. Ng5 Nb4
15. Ra3 Qd4+ 16. Re3 Qxc4 17. Rxe7 Bc6 18. d3 Qxc2 19. Qg4 Rae8 20. Qh3 Bd4+
21. Kh1 Qxg2+ 0-1

[Event "77. ljubljanska liga 2025"]
[Site "Gostovanja"]
[Date "2025.03.27"]
[Round "8.3"]
[White "Skok, Joze"]
[Black "Levacic, Matic"]
[Result "1-0"]
[WhiteElo "1947"]
[BlackElo "1666"]
[PlyCount "117"]
[EventDate "2025.01.16"]
[WhiteTeam "SD DOMZALE"]
[BlackTeam "ZELENCI LPP"]

1. e4 e6 2. d4 d5 3. Nd2 c5 4. exd5 exd5 5. Ngf3 Nf6 6. c3 Nc6 7. Bb5 Bd6 8.
O-O O-O 9. dxc5 Bxc5 10. Nb3 Bb6 11. Bg5 Bg4 12. h3 Bh5 13. Be2 Bc7 14. Bh4 Re8
15. Re1 Bb6 16. a4 a5 17. Qd2 Qd6 18. Bxf6 Qxf6 19. Qxd5 Ne5 20. Nbd4 Rad8 21.
Qb5 Bc7 22. Nxe5 Rxe5 23. Qxb7 Re7 24. Qc6 Qe5 25. g3 Bg6 26. Bf3 Qf6 27. Qxf6
Rxe1+ 28. Rxe1 gxf6 29. Nc6 Rd2 30. Ne7+ Kg7 31. Nxg6 Kxg6 32. Re2 Rd1+ 33. Kg2
Ra1 34. b3 Ra3 35. Be4+ f5 36. Bd5 f6 37. f4 Bb6 38. Re7 Ra2+ 39. Kf1 Rf2+ 40.
Ke1 Rh2 41. Bf7+ Kg7 42. Be6+ Kg6 43. Re8 Rxh3 44. Rg8+ Kh6 45. Bxf5 Rh1+ 46.
Kd2 Rh2+ 47. Kd3 Rg2 48. Kc4 Be3 49. Rh8 Kg7 50. Rxh7+ Kg8 51. Rh3 Rf2 52. Be6+
Kf8 53. b4 Ke7 54. Bd5 Kd6 55. Rh6 axb4 56. Rxf6+ Kc7 57. cxb4 Kb8 58. Kb5 Ka7
59. Rf8 1-0

[Event "77. ljubljanska liga 2025"]
[Site "Gostovanja"]
[Date "2025.03.27"]
[Round "8.4"]
[White "Skok, Boris"]
[Black "Coklin, Marko"]
[Result "1-0"]
[WhiteElo "1934"]
[BlackElo "2054"]
[PlyCount "43"]
[EventDate "2025.01.16"]
[WhiteTeam "SD CRNI GRABEN"]
[BlackTeam "SK TRZIN BUSCOTRADE"]

1. d4 Nf6 2. c4 e6 3. Nf3 c5 4. d5 exd5 5. cxd5 d6 6. Nc3 g6 7. Bf4 Nh5 8. Qa4+
Bd7 9. Qe4+ Qe7 10. Bg5 Nf6 11. Bxf6 Qxe4 12. Nxe4 Rg8 13. Bc3 Be7 14. Nf6+
Bxf6 15. Bxf6 Bf5 16. Nd2 Nd7 17. Bc3 g5 18. e4 Bg6 19. f3 O-O-O 20. a4 a6 21.
Ba5 Rde8 22. Nc4 1-0

[Event "77. ljubljanska liga 2025"]
[Site "Gostovanja"]
[Date "2025.03.27"]
[Round "8.4"]
[White "Jakob, Matthias"]
[Black "Hribar, Janez"]
[Result "1-0"]
[WhiteElo "1970"]
[BlackElo "1875"]
[PlyCount "87"]
[EventDate "2025.01.16"]
[WhiteTeam "SK TRZIN BUSCOTRADE"]
[BlackTeam "SD CRNI GRABEN"]

1. e4 Nf6 2. e5 Nd5 3. d4 d6 4. Nf3 Bg4 5. Be2 e6 6. O-O Be7 7. c4 Nb6 8. Nc3
dxe5 9. Nxe5 Bxe2 10. Nxe2 N8d7 11. Nxd7 Qxd7 12. b3 Bf6 13. a4 Rd8 14. Ba3
Bxd4 15. Nxd4 Qxd4 16. Qf3 c6 17. a5 Nd7 18. Rad1 Ne5 19. Qe2 Qf4 20. Rxd8+
Kxd8 21. Rd1+ Kc8 22. a6 bxa6 23. Bd6 f6 24. c5 Kb7 25. Ra1 a5 26. h3 Qb4 27.
Bxe5 fxe5 28. Qxe5 Rd8 29. Qxg7+ Kb8 30. Qe7 Rd2 31. Qf8+ Kb7 32. Qf7+ Kb8 33.
Qg8+ Kb7 34. Qxh7+ Kb8 35. Qg8+ Kb7 36. Qf7+ Kb8 37. Re1 Qxc5 38. Rxe6 Rd8 39.
Re7 Qb6 40. h4 Qb4 41. g3 a4 42. Rxa7 Qb6 43. Rxa4 Qc5 44. Qf4+ 1-0

[Event "77. ljubljanska liga 2025"]
[Site "Gostovanja"]
[Date "2025.03.27"]
[Round "8.4"]
[White "Majcen, Zoran"]
[Black "Krumpak, Hinko"]
[Result "1/2-1/2"]
[WhiteElo "1889"]
[BlackElo "1962"]
[PlyCount "27"]
[EventDate "2025.01.16"]
[WhiteTeam "SD CRNI GRABEN"]
[BlackTeam "SK TRZIN BUSCOTRADE"]

1. e4 g6 2. f4 c5 3. Nf3 Bg7 4. Bc4 e6 5. Nc3 Nc6 6. O-O Nge7 7. Qe1 a6 8. e5
b5 9. Be2 d5 10. Qf2 Qb6 11. a3 Rb8 12. a4 Nd4 13. Bd1 Nxf3+ 14. Bxf3 1/2-1/2

[Event "77. ljubljanska liga 2025"]
[Site "Gostovanja"]
[Date "2025.03.27"]
[Round "8.4"]
[White "Rijavec, Stane"]
[Black "Arlic, Nejc"]
[Result "1/2-1/2"]
[WhiteElo "1889"]
[BlackElo "1871"]
[PlyCount "37"]
[EventDate "2025.01.16"]
[WhiteTeam "SK TRZIN BUSCOTRADE"]
[BlackTeam "SD CRNI GRABEN"]

1. Nf3 d5 2. d4 Nf6 3. Bf4 Bf5 4. e3 h6 5. Bd3 e6 6. Ne5 c6 7. c4 dxc4 8. Nxc4
Nd5 9. O-O Bxd3 10. Qxd3 Nxf4 11. exf4 Nd7 12. Re1 Bb4 13. Nc3 O-O 14. a3 Be7
15. Rad1 Nf6 16. f5 exf5 17. Qxf5 Re8 18. Ne5 Qb6 19. b4 1/2-1/2

[Event "77. ljubljanska liga 2025"]
[Site "Gostovanja"]
[Date "2025.03.27"]
[Round "8.7"]
[White "Lanjscek, Miha"]
[Black "Babarovic, Fran"]
[Result "1/2-1/2"]
[WhiteElo "1836"]
[BlackElo "1788"]
[PlyCount "58"]
[EventDate "2025.01.16"]
[WhiteTeam "SK TRZIN"]
[BlackTeam "SK KOMENDA POGI"]

1. d4 d5 2. c4 c6 3. cxd5 cxd5 4. Bg5 Nd7 5. Nc3 Ngf6 6. Qa4 Qb6 7. Bd2 e6 8.
e3 Be7 9. Bd3 O-O 10. Qc2 Qd8 11. Nf3 a6 12. Ne5 b5 13. Nc6 Qe8 14. Nxe7+ Qxe7
15. a3 Bb7 16. O-O Rfc8 17. Qd1 Nb6 18. b3 Ne4 19. Qe1 Nxd2 20. Qxd2 b4 21.
axb4 Qxb4 22. Rfc1 Rc6 23. Ne4 Rxc1+ 24. Rxc1 Qxd2 25. Nxd2 Rc8 26. Ra1 Nd7 27.
b4 Rc6 28. b5 axb5 29. Bxb5 Rc2 1/2-1/2

[Event "77. ljubljanska liga 2025"]
[Site "Gostovanja"]
[Date "2025.03.27"]
[Round "8.7"]
[White "Macek, Inti"]
[Black "Konvalinka, Kostja"]
[Result "1-0"]
[WhiteElo "1697"]
[BlackElo "1743"]
[PlyCount "115"]
[EventDate "2025.01.16"]
[WhiteTeam "SK KOMENDA POGI"]
[BlackTeam "SK TRZIN"]

1. d4 Nf6 2. c4 e6 3. Nf3 d5 4. Nc3 c5 5. e3 Nc6 6. Be2 Bd6 7. O-O O-O 8. b3 a6
9. cxd5 exd5 10. Bb2 Bf5 11. Rc1 Rc8 12. dxc5 Bxc5 13. Nxd5 Qxd5 14. Qxd5 Nxd5
15. Rxc5 Rfd8 16. Rfc1 Ncb4 17. Rxc8 Rxc8 18. Rxc8+ Bxc8 19. a3 Nc6 20. Kf1 Kf8
21. Ke1 f6 22. Kd2 Kf7 23. Nd4 Nxd4 24. Bxd4 Ne7 25. e4 Nc6 26. Bc3 Be6 27. Kc2
Ke7 28. f4 Kd6 29. b4 Ba2 30. a4 Bf7 31. b5 axb5 32. axb5 Nd8 33. e5+ Ke7 34.
f5 fxe5 35. Bxe5 g6 36. g4 gxf5 37. gxf5 Bd5 38. Kd3 Nf7 39. Kd4 Bb3 40. f6+
Kd7 41. Bg4+ Be6 42. Bf3 b6 43. Bc6+ Kd8 44. Bf4 Kc8 45. Ke4 Kd8 46. Be3 Kc7
47. Bd5 Kd6 48. Bf4+ Kd7 49. Bc6+ Kd8 50. Kd4 Kc8 51. Be4 Bd7 52. Kc4 Be6+ 53.
Kb4 h5 54. h4 Bg4 55. Bg6 Nh8 56. Be8 Kd8 57. f7 Ke7 58. Bd6+ 1-0

[Event "77. ljubljanska liga 2025"]
[Site "Gostovanja"]
[Date "2025.03.27"]
[Round "8.7"]
[White "Banko, Franci"]
[Black "Poglajen, Franc"]
[Result "1-0"]
[WhiteElo "1636"]
[BlackElo "1826"]
[PlyCount "63"]
[EventDate "2025.01.16"]
[WhiteTeam "SK TRZIN"]
[BlackTeam "SK KOMENDA POGI"]

1. e4 e5 2. Nf3 Nc6 3. Bb5 a6 4. Ba4 Nf6 5. d3 b5 6. Bb3 h6 7. O-O Be7 8. Re1
d6 9. h3 Be6 10. c3 O-O 11. d4 Bxb3 12. axb3 exd4 13. cxd4 d5 14. exd5 Nxd5 15.
Ne5 Ncb4 16. Nc3 Bf6 17. Re4 Re8 18. Ng4 Qd6 19. Bxh6 Bh4 20. Ne5 Qxh6 21. Qf3
Qf6 22. Rxh4 Qe6 23. Qh5 Kf8 24. Re1 Nf6 25. Qh8+ Ng8 26. Rg4 g6 27. Nxg6+ Qxg6
28. Rxe8+ Rxe8 29. Rxg6 fxg6 30. f3 Nd3 31. Ne4 Re6 32. Qh4 1-0

[Event "77. ljubljanska liga 2025"]
[Site "Gostovanja"]
[Date "2025.03.27"]
[Round "8.8"]
[White "Stanic, Simon"]
[Black "Porenta, Matija"]
[Result "1-0"]
[WhiteElo "1973"]
[BlackElo "1841"]
[PlyCount "105"]
[EventDate "2025.01.16"]
[WhiteTeam "SK LOSKA DOLINA"]
[BlackTeam "SK MEDVODE"]

1. e4 c5 2. Nf3 d6 3. d4 cxd4 4. Nxd4 Nf6 5. Qd3 a6 6. a4 e6 7. Be2 Be7 8. O-O
Bd7 9. Bf3 Nc6 10. Nxc6 Bxc6 11. c4 O-O 12. a5 d5 13. exd5 exd5 14. Rd1 dxc4
15. Qxc4 Qc8 16. Bxc6 Qxc6 17. Qxc6 bxc6 18. Be3 Rfd8 19. Nc3 Rxd1+ 20. Rxd1
Rd8 21. Rxd8+ Bxd8 22. Bb6 Be7 23. Kf1 Kf8 24. Ke2 Ke8 25. Kd3 Kd7 26. Kc4 Ke6
27. Bd4 g6 28. Bxf6 Bxf6 29. Kc5 Bd8 30. b4 Kd7 31. Na4 h5 32. Kc4 Be7 33. h3
g5 34. g4 h4 35. Nb2 Ke6 36. Nd3 f5 37. f3 fxg4 38. fxg4 Bd6 39. Kd4 Kf6 40.
Nc5 Bxc5+ 41. Kxc5 Ke5 42. Kxc6 Kf4 43. b5 axb5 44. a6 Kg3 45. a7 Kxh3 46. a8=Q
Kxg4 47. Kxb5 h3 48. Kc4 Kg3 49. Kd3 Kf2 50. Qa2+ Kg3 51. Ke3 h2 52. Qd5 g4 53.
Qh1 1-0

[Event "77. ljubljanska liga 2025"]
[Site "Gostovanja"]
[Date "2025.03.27"]
[Round "8.8"]
[White "Jese, Janez"]
[Black "Mulec, Dejan"]
[Result "0-1"]
[WhiteElo "1798"]
[BlackElo "1705"]
[PlyCount "88"]
[EventDate "2025.01.16"]
[WhiteTeam "SK MEDVODE"]
[BlackTeam "SK LOSKA DOLINA"]

1. e4 d6 2. d4 Nf6 3. Nc3 Nbd7 4. Nf3 e5 5. dxe5 dxe5 6. a3 Be7 7. Bc4 O-O 8.
O-O c6 9. Qe2 Qc7 10. h3 b5 11. Ba2 a5 12. Be3 Ba6 13. Nb1 b4 14. Bc4 Bb7 15.
axb4 axb4 16. Rxa8 Bxa8 17. Nbd2 c5 18. Bg5 Bc6 19. Ra1 Nb6 20. Bb5 Ra8 21.
Rxa8+ Bxa8 22. b3 h6 23. Bh4 Nh7 24. Bxe7 Qxe7 25. Nc4 Nxc4 26. Bxc4 Qd6 27.
Ne1 Qd4 28. Bd3 Ng5 29. Nf3 Qa1+ 30. Kh2 Qc1 31. Ne1 Qf4+ 32. g3 Qf6 33. h4 Ne6
34. Bc4 Nd4 35. Qe3 Bc6 36. Kg2 Bd7 37. c3 bxc3 38. Qxc3 Qg6 39. f3 Kh7 40. Bd5
f5 41. Nd3 f4 42. g4 Bxg4 43. fxg4 Qxg4+ 44. Kf1 Qf3+ 0-1

[Event "77. ljubljanska liga 2025"]
[Site "Gostovanja"]
[Date "2025.03.27"]
[Round "8.8"]
[White "Soba, Franc"]
[Black "Krupenko, Andrej"]
[Result "1-0"]
[WhiteElo "1495"]
[BlackElo "1544"]
[PlyCount "33"]
[EventDate "2025.01.16"]
[WhiteTeam "SK LOSKA DOLINA"]
[BlackTeam "SK MEDVODE"]

1. d4 d5 2. Nf3 Nf6 3. c4 e6 4. cxd5 exd5 5. Nc3 c6 6. e3 Bd6 7. Bd3 O-O 8. O-O
Be6 9. Ng5 Re8 10. e4 dxe4 11. Ncxe4 Nxe4 12. Bxe4 h6 13. Qh5 f5 14. Nxe6 Rxe6
15. Bxf5 Rf6 16. Re1 Qf8 17. Re8 1-0